000 01131cam a2200241 4500
001 ABS65901
008 020924n2002 000 0 eng u
035 _a(Sirsi) u119830
100 _aParisotti, M
245 _aThird time lucky?
260 _c2002
490 _aBuilding
_v267(8243) 19 July 2002, 61(1)
520 _aComments on the Society of Construction Law second draft protocol for determining extensions of time and compensation for delay and disruption. Finds that it contains some valuable advice, and improves on the first draft. Also suggests that it places too great an administrative burden on the parties in terms of programming and record-keeping. A copy of the protocol can be downloaded for free from www.eotprotocol.com.
590 _aABS
650 _aDELAY
650 _aEXTENSIONS OF TIME
650 _aDISRUPTION
650 _aCOMPENSATION
650 _aSOCIETY OF CONSTRUCTION LAW DELAY AND DISRUPTION PROTOCOL
690 _aBUILT ENVIRONMENT-BUILDING CONTRACT FORMS
856 _uhttps://www.eotprotocol.com
_zView the proctocol on the Society of Construction Law website...
942 _n0
999 _c71212
_d71212